Finančná a kapitálová štruktúra podniku diplomová práca

Uložené v:
Podrobná bibliografia
Hlavný autor: Vallová, Katarína
Korporativný autor: Fakulta podnikového manažmentu EU. Katedra podnikových financií
Ďalší autori: Polednáková, Anna, 1957-
Médium: Kniha
Jazyk:Slovak
Vydavateľské údaje: Bratislava 2012
Tagy: Pridať tag
Žiadne tagy, Buďte prvý, kto otaguje tento záznam!

MARC

LEADER 00000nbm a2200000 4500
001 0152539
005 20161109102044.1
041 0 |a slo 
044 |a SK 
245 1 0 |a Finančná a kapitálová štruktúra podniku  |b diplomová práca  |c Katarína Vallová ; školiteľ: Anna Polednáková 
264 1 |a Bratislava  |c 2012 
300 |a 78 s. 
100 1 |a Vallová, Katarína 
700 1 |a Polednáková, Anna, 1957- 
710 2 |a Fakulta podnikového manažmentu EU. Katedra podnikových financií